Fresh faith: (Record no. 287978)
[ view plain ]
| 000 -LEADER | |
|---|---|
| fixed length control field | 00410nam a2200121Ia 4500 |
| 008 - FIXED-LENGTH DATA ELEMENTS--GENERAL INFORMATION | |
| fixed length control field | 150610s9999 xx 000 0 und d |
| 020 ## - INTERNATIONAL STANDARD BOOK NUMBER | |
| International Standard Book Number | 9789834386931 |
| 050 ## - LIBRARY OF CONGRESS CALL NUMBER | |
| Classification number | BV4637 |
| Item number | .C96 1999 |
| 100 ## - MAIN ENTRY--PERSONAL NAME | |
| Personal name | Cymbala, Jim |
| 245 ## - TITLE STATEMENT | |
| Title | Fresh faith: |
| Remainder of title | what happens when real faith ignites God's people / |
| Statement of responsibility, etc | Jim Cymbala with Dean Merrill. |
| 260 ## - PUBLICATION, DISTRIBUTION, ETC. (IMPRINT) | |
| Place of publication, distribution, etc | Malaysia : |
| Name of publisher, distributor, etc | PVM Harvest Resources, |
| Date of publication, distribution, etc | 1999. |
| 300 ## - PHYSICAL DESCRIPTION | |
| Extent | 245pages ; |
| Dimensions | 21 cm. |
| Withdrawn status | Lost status | Damaged status | Home library | Current library | Shelving location | Date acquired | Total Checkouts | Full call number | Barcode | Date last seen | Price effective from | Koha item type |
|---|---|---|---|---|---|---|---|---|---|---|---|---|
| Stonyhurst Southville International School (Batangas) | Stonyhurst Southville International School (Batangas) | 06/10/2015 | BV4637.C96 1999 | US-1783 | 06/10/2015 | Books |